书目信息 |
| 题名: |
中华500年科学故事
|
|
| 作者: | 周立奇 , 郑士波 | |
| 分册: | ||
| 出版信息: | 北京 光明日报 2005 |
|
| 页数: | 245页 | |
| 开本: | 26cm | |
| 丛书名: | ||
| 单 册: | ||
| 中图分类: | G32 | |
| 科图分类: | ||
| 主题词: | 科学研究事业--世界 | |
| 电子资源: | ||
| ISBN: | 7-80145-987-3 | |
| 000 | 00564nam0 2200193 450 | |
| 001 | 0753865015 | |
| 005 | 20070818145745.01 | |
| 010 | @a7-80145-987-3@d¥29.80 | |
| 100 | @a20070818d km y0chiy0120 ea | |
| 101 | 0 | @achi |
| 200 | 1 | @a中华500年科学故事@Azhong hua 500 nian ke xue gu shi@f郑士波,周立奇@Fzheng shi bo,zhou li qi |
| 210 | @a北京@c光明日报@d2005 | |
| 215 | @a245页@d26cm | |
| 606 | 0 | @a科学研究事业@x世界 |
| 690 | @aG32@v3 | |
| 701 | 0 | @a周立奇@Azhou li qi |
| 701 | 0 | @a郑士波@Azheng shi bo |
| 801 | 0 | @aCN@bPFT@c20070818 |
| 905 | @a213230@dG32@ee11@f1 | |
| 中华500年科学故事/郑士波,周立奇.-北京:光明日报,2005 |
| 245页;26cm |
| ISBN 7-80145-987-3:¥29.80 |
| ● |
| 相关链接 |
|
|
|
|
正题名:中华500年科学故事
索取号:G32/e11
 
预约/预借
| 序号 | 登录号 | 条形码 | 馆藏地/架位号 | 状态 | 备注 |
| 1 | 6301478 | 263014785 | 教育系资料室/ [索取号:G32/e11] | 在馆 |